Energetický metabolizmus skúmaný v celom mozgu a vo vybraných regiónoch meraný lokalizovanou in vivo fosforovou magnetickou rezonanciou na potkanoch diplomová práca

Salvato in:
Dettagli Bibliografici
Autore principale: Zimanová, Zuzana
Natura: Libro
Lingua:slovacco
Pubblicazione: Bratislava STU FCHPT 2016
Accesso online:Visualizza in OPAC
Tags: Aggiungi Tag
Nessun Tag, puoi essere il primo ad aggiungerne!!

MARC

LEADER 00000nam a2200000 a 4500
005 20260127134232.0
008 160615 2016 000 0 slo d
035 |a vtls011560289 
039 9 |a 201606230822  |b mschk03  |y 201606151117  |z mschk03 
040 |a STUSCHK1  |b slo  |c STUSCHK1  |e AACR2 
100 1 |a Zimanová, Zuzana 
245 1 |a Energetický metabolizmus skúmaný v celom mozgu a vo vybraných regiónoch meraný lokalizovanou in vivo fosforovou magnetickou rezonanciou na potkanoch  |b diplomová práca  |c Zuzana Zimanová 
260 |a Bratislava  |b STU FCHPT  |c 2016 
300 |a 96 s.  |b il.  |c 25 cm 
500 |a Študijný program: technická chémia 
500 |a Študijný odbor: chémia, chemické technológie 
500 |a Školiace pracovisko: Centrálne laboratória FCHPT 
500 |a Evid. číslo: FCHPT-104542-42809 
910 |a SCHK95 
999 |c 7435  |d 7435